banner-ar

شخصية شهرزاد فى الادب المصرى المعاصر : (Record no. 64976)

MARC details
000 -الفاتح
حقل البيانات ثابتة الطول 00827nam a22002297a 4500
005 - وقت وتاريخ اخر تعامل مع التسجيلة
رقم الضبط 20240530110800.0
008 - عناصر البيانات ثابتة الطول - معلومات عامة
حقل البيانات ثابتة الطول 190122s2018 ua ||||g |||| 00| 1dara d
017 ## - رقم الايداع القانونى
رقم الايداع القانونى 2018/15924
المصدر ( الهيئة المختصة) مصر. دار الكتب
020 ## - الرقم الدولى المعيارى للكتب
الرقم الدولى المعيارى للكتاب 9789773805777
040 ## - مصدر الفهرسة
وكالة الفهرسة الأصلية EG-CaGPL
وكالة النسخ EG-CaGPL
082 04 - رقم تصنيف ديوى العشرى
رقم الطبعة 21
رقم التصنيف 810.9 /
رقم المادة ن ش
100 0# - المدخل الرئيسى - إسم شخصى
الإسم الشخصى نهاد ابراهيم
245 10 - بيان العنوان
العنوان شخصية شهرزاد فى الادب المصرى المعاصر :
بقية العنوان دراسة تحليلية /
بيان المسئوليه,etc نهاد ابراهيم
250 ## - بيان الطبعة
بيان الطبعة ط.1
260 ## - PUBLICATION, DISTRIBUTION, ETC. (IMPRINT)
تاريخ النشر أو التوزيع 2018.
300 ## - الوصف المادى
التعداد 168 ص. ؛
أبعاد الوعاء 24 سم.
650 07 - المدخل الاضافى بالموضوع-مصطلح موضوعى
مصدر الرأس أو المصطلح qrmak
مصطلح موضوعي الادب العربى
650 07 - المدخل الاضافى بالموضوع-مصطلح موضوعى
مصدر الرأس أو المصطلح qrmak
مصطلح موضوعي الادب العربى
التقسيم الفرعي الشكلي تاريخ ونقد
651 ## - المدخل الاضافى بالموضوع - اسم جغرافى
مصدر الرأس أو المصطلح qrmak
942 ## - عناصر المدخل الإضافي( كوها)
مصدر التصنيف او مخطط الترفيف Dewey Decimal Classification
Koha [default] item type كتاب
260 ## - PUBLICATION, DISTRIBUTION, ETC. (IMPRINT)
-- القاهرة :
-- دار العلوم للنشر والتوزيع،
Holdings
حالة التراجع حالة الفقد حالة تلف ليس للاعارة المكان المؤقت الموقع الحالى موقع الترفيف تاريخ الاكتساب اجمالي اﻻعارات رقم الطلب الباركود تاريخ اخر مشاهدة تاريخ تفعيل السعر نوع وعاء كوها
        مكتبة القاهرة الكبرى مكتبة القاهرة الكبرى القاعة الرئيسية 01/22/2019   810.9 /ن ش 165510 01/22/2019 01/22/2019 كتاب

Powered By

EGPV